| 000 | 01149nji a22002897a 4500 | ||
|---|---|---|---|
| 005 | 20100907151833.0 | ||
| 006 | a|||||r|||||00| 0 | ||
| 007 | sd ammalaaahaa | ||
| 008 | 100830t xxu||||| |||| 00| 0 eng d | ||
| 028 |
_aGE 33558 _bColumbia |
||
| 035 | _aGR-01175 | ||
| 040 |
_aSED _cSED |
||
| 100 |
_917455 _aRafi |
||
| 245 |
_aBharosa / _cby Rafi ; lyrics by Rajendra Krishan ; music by Ravi _h[sound recording] : |
||
| 246 | _aभरोसा / रफ़ी द्वारा | ||
| 260 |
_aDum Dum, India _bHis Master's Voice |
||
| 300 |
_a1 sound disc [Gramophone Recording]: _banalog, 33 1/3 rpm _c9.5 in. (MP) _fGramophone Record |
||
| 500 | _aBrief Record | ||
| 505 | _aSide-1 इस भरी दुनिया में (Is bhari duniya mein) (Rafi) --Side-2 कभी दुश्मनी कभी दोस्ती (Kabhi dushmani kabhi dosti) (Rafi) | ||
| 650 |
_aClassical music _zIndia _91186 _xExcerpts |
||
| 700 |
_917416 _aRavi |
||
| 700 |
_917456 _aRajender Krishan |
||
| 700 | _918703 | ||
| 700 | _918764 | ||
| 942 |
_2ddc _cGR |
||
| 999 |
_c44306 _d44306 |
||